Analysis and use of financial statements / (Record no. 182266)
[ view plain ]
| 000 -LEADER | |
|---|---|
| fixed length control field | 00844nam a2200253Ia 4500 |
| 003 - CONTROL NUMBER IDENTIFIER | |
| control field | OSt |
| 005 - DATE AND TIME OF LATEST TRANSACTION | |
| control field | 20260122163044.0 |
| 008 - FIXED-LENGTH DATA ELEMENTS--GENERAL INFORMATION | |
| fixed length control field | 210716s2006 xx 000 0 und d |
| 020 ## - INTERNATIONAL STANDARD BOOK NUMBER | |
| International Standard Book Number | 8126510226 |
| 040 ## - CATALOGING SOURCE | |
| Transcribing agency | AIMIT LIBRARY |
| 041 ## - LANGUAGE CODE | |
| Language code of text/sound track or separate title | eng |
| 082 ## - DEWEY DECIMAL CLASSIFICATION NUMBER | |
| Classification number | 657.3 |
| Item number | WHIG |
| 100 ## - MAIN ENTRY--PERSONAL NAME | |
| Personal name | White, Gerald I. |
| 9 (RLIN) | 252268 |
| 245 ## - TITLE STATEMENT | |
| Title | Analysis and use of financial statements / |
| Statement of responsibility, etc. | By Gerald I. White and Ashwinpaul C. Sondhi and Dov Fried. |
| 250 ## - EDITION STATEMENT | |
| Edition statement | 3rd ed. |
| 260 ## - PUBLICATION, DISTRIBUTION, ETC. | |
| Place of publication, distribution, etc. | New Delhi : |
| Name of publisher, distributor, etc. | Wiley India Pvt Ltd , |
| Date of publication, distribution, etc. | 2006. |
| 300 ## - PHYSICAL DESCRIPTION | |
| Extent | xii,767 p.; |
| Other physical details | PB |
| Dimensions | 26.5 cm. |
| 650 ## - SUBJECT ADDED ENTRY--TOPICAL TERM | |
| Topical term or geographic name entry element | Foundations of ratio and financial analysis |
| 9 (RLIN) | 252269 |
| 650 ## - SUBJECT ADDED ENTRY--TOPICAL TERM | |
| Topical term or geographic name entry element | Analysis of financing liabilities |
| 9 (RLIN) | 252270 |
| 650 ## - SUBJECT ADDED ENTRY--TOPICAL TERM | |
| Topical term or geographic name entry element | Valuation and forecasting |
| 9 (RLIN) | 252271 |
| 700 ## - ADDED ENTRY--PERSONAL NAME | |
| Personal name | Sondhi, Ashwinpaul C. |
| 9 (RLIN) | 252272 |
| 700 ## - ADDED ENTRY--PERSONAL NAME | |
| Personal name | Fried, Dov. |
| 9 (RLIN) | 252273 |
| 942 ## - ADDED ENTRY ELEMENTS (KOHA) | |
| Source of classification or shelving scheme | Dewey Decimal Classification |
| Koha item type | Book |
| Edition | 3rd |
| Call number prefix | 657.3 WHIG |
| Withdrawn status | Lost status | Damaged status | Not for loan | Collection code | Home library | Current library | Date acquired | Source of acquisition | Total Checkouts | Full call number | Barcode | Date last seen | Price effective from | Koha item type |
|---|---|---|---|---|---|---|---|---|---|---|---|---|---|---|
| MCA | St Aloysius Institute of Management & Information Technology | St Aloysius Institute of Management & Information Technology | 07/16/2021 | Donated | 657.3 WHIG | MCA01774 | 07/21/2025 | 07/16/2021 | Book |